| 000 | 00804ata a2200301 4500 | ||
|---|---|---|---|
| 005 | 20260313154318.0 | ||
| 008 | 150519b2001 xxu||||| |||| 00| 0 spa d | ||
| 020 | _a9562420752 | ||
| 041 | _aESP | ||
| 082 | _a364.153 F468t | ||
| 100 |
_aFietz, Christa _921467 |
||
| 245 | _aTerapia corporal: en el tratamiento del abuso infantil y juvenil | ||
| 260 | _aChile | ||
| 260 | _c2001 | ||
| 260 | _bCuatro Vientos | ||
| 300 | _a103 páginas | ||
| 490 | _aInvestigación Criminal | ||
| 650 | _aDELITOS SEXUALES CONTRA MENORES | ||
| 650 | _aABUSO SEXUAL INFANTIL | ||
| 650 | _aTERAPIA CORPORAL | ||
| 650 | _aDINÁMICAS GRUPALES | ||
| 650 | _aAUTOESTIMA | ||
| 650 | _aABUSO DEL NINO | ||
| 650 | _aMALTRATO INFANTIL | ||
| 650 | _aRELAJACIÓN | ||
| 650 | _aTRABAJO MENTAL | ||
| 942 |
_cBK _2ddc |
||
| 999 |
_c5635 _d5635 |
||